<?xml version="1.0" encoding="UTF-8"?>
<record
    xmlns:xsi="http://www.w3.org/2001/XMLSchema-instance"
    xsi:schemaLocation="http://www.loc.gov/MARC21/slim http://www.loc.gov/standards/marcxml/schema/MARC21slim.xsd"
    xmlns="http://www.loc.gov/MARC21/slim">

  <leader>01325nam a22002177a 4500</leader>
  <controlfield tag="003">KPN</controlfield>
  <controlfield tag="005">20251105145958.0</controlfield>
  <controlfield tag="008">20251105b  00| 0 eng d</controlfield>
  <datafield tag="020" ind1=" " ind2=" ">
    <subfield code="a">9781402217739</subfield>
    <subfield code="q">paperback</subfield>
  </datafield>
  <datafield tag="040" ind1=" " ind2=" ">
    <subfield code="c">KPN</subfield>
  </datafield>
  <datafield tag="082" ind1=" " ind2=" ">
    <subfield code="2">23</subfield>
    <subfield code="a">BI FD WIS 2009</subfield>
  </datafield>
  <datafield tag="090" ind1=" " ind2=" ">
    <subfield code="a">BI FD WIS 2009</subfield>
    <subfield code="b">WIS</subfield>
  </datafield>
  <datafield tag="100" ind1=" " ind2=" ">
    <subfield code="a">Wisdom, Linda</subfield>
    <subfield code="e">author</subfield>
  </datafield>
  <datafield tag="245" ind1=" " ind2=" ">
    <subfield code="a">Wicked By Any Other Name</subfield>
    <subfield code="c">Linda Wisdom</subfield>
  </datafield>
  <datafield tag="260" ind1=" " ind2=" ">
    <subfield code="a">Naperville, Illinois: </subfield>
    <subfield code="b">Sourcebooks Casablanca, </subfield>
    <subfield code="c">2009</subfield>
  </datafield>
  <datafield tag="300" ind1=" " ind2=" ">
    <subfield code="a">372 pages; </subfield>
    <subfield code="c">18 cm</subfield>
  </datafield>
  <datafield tag="500" ind1=" " ind2=" ">
    <subfield code="a">Stasi Romanov uses just a little witch magic in her lingerie shop, running a brisk side business in love charms. A disgruntled customer threatening to sue over a failed love spell brings Trevor Barnes to town. Trevor's the best attorney around, and he just happens to be a wizard.

Everyone knows that witches and wizards make a volatile combination&#x2014;sure enough, the sparks fly and almost everyone's getting singed. Add to that Cupid playing a practical joke, a lunar eclipse that nearly precipitates a witch hunt, and some very mysterious goings on at the magical lake, and the feisty witch and gorgeous wizard have more than simply a possible lawsuit on their hands. Can they overcome their objections and settle out of court&#x2014;and in the bedroom?</subfield>
  </datafield>
  <datafield tag="650" ind1=" " ind2=" ">
    <subfield code="2">Witches</subfield>
    <subfield code="v">Fiction</subfield>
  </datafield>
  <datafield tag="650" ind1=" " ind2=" ">
    <subfield code="2">English fiction</subfield>
  </datafield>
  <datafield tag="942" ind1=" " ind2=" ">
    <subfield code="2">ddc</subfield>
    <subfield code="c">1</subfield>
    <subfield code="n">0</subfield>
  </datafield>
  <datafield tag="999" ind1=" " ind2=" ">
    <subfield code="c">1664</subfield>
    <subfield code="d">1664</subfield>
  </datafield>
  <datafield tag="952" ind1=" " ind2=" ">
    <subfield code="0">0</subfield>
    <subfield code="1">0</subfield>
    <subfield code="2">ddc</subfield>
    <subfield code="4">0</subfield>
    <subfield code="7">0</subfield>
    <subfield code="8">F</subfield>
    <subfield code="a">KPN</subfield>
    <subfield code="b">KPN</subfield>
    <subfield code="c">FICA</subfield>
    <subfield code="d">2025-11-05</subfield>
    <subfield code="l">0</subfield>
    <subfield code="o">BI FD WIS 2009</subfield>
    <subfield code="p">KPN25110013</subfield>
    <subfield code="r">2025-11-05</subfield>
    <subfield code="w">2025-11-05</subfield>
    <subfield code="y">1</subfield>
  </datafield>
</record>
